000 00619nam a2200217Ia 4500
005 20260629163254.0
008 260629s9999||||xx |||||||||||||| ||und||
020 _a9781565846074
_qpbk
082 _a304.8
_bACI
100 _aAciman, Andre [ed.]
245 0 _aLetters of transit : reflections on exile, identity, language, and loss
260 _aNew York
_bThe New Press
_c1999
300 _a135p. ; 22cm.
490 _aLetters of transit
653 _aCultural identity
653 _aEmigration and immigration
653 _aExiles
653 _aPostcolonialism
653 _aTransnationalism
942 _cBK
999 _c57316
_d57316